00840nam a2200277 u 450000100070000000500170000700800410002403500110006504000130007604100080008908000070009710000350010424500930013926000230023230000130025550000140026865000370028265000220031965000370034165000390037870000440041770000380046170000430049950200120054252600080055419511120240112101101.0980604s1990 ||||||m| spa  a195111 ccomduadb aspa aWX10aOspina Cano, Beatriz4auteaut10aDisponibilidad y usos de las camas hospitalarias del Hospital San Rafael de Itagui: 1990 aMedellín,c1990. a99 hojas aDonacion. aHospital San Rafael (Itagüí) 7aHospitales2embne aCapacidad de camas en hospitales aSistemas de información en salud10aJulio Viloria, Eugenio Miguel4auteaut10aBrun Aldana, Navidad I.4auteaut10aSepulveda Lopera, Gustavo A.4thseths b281c20 a283